LEADER 00915nam a2200193 i 4500 001 000000237425 003 CaOOAMICUS 005 20141224000000.0 008 141224s1748 it u000 u ita u 013 $a216330 026 $ae-i- o.a. a,o: qusa (3) 1748 (R) 040 $aSeMil$bita 245 10$aTomo terzo contenente la storia del terzo secolo della chiesa. 300 $aXVI, 522, [2] p. 500 $aSegn. : a-b4 A-3S4 3T6. 773 0 $aOrsi, Giuseppe Agostino $tDella istoria ecclesiastica descritta da F. Giuseppe Agostino Orsi dell'ordine de'predicatori ... Tomo 1. [-21.].$dIn Roma : Nella stamperia di Pallade appresso Niccolò e Marco Pagliarini, 1747-1762.$g3$w()31192 850 $aSeMil 852 $aSeMil$W1$xVenegono$y1$m3C IV 102 FA$j187771$B187771$CSeMilBibl$Z2$F198676 $8I 996 $6245$aTomo terzo contenente la storia del terzo secolo della chiesa$9(OLS)http://semarc/title/338431 LEADER 00568nas a2200157 i 4500 001 000000017124 003 CaOOAMICUS 005 20180830125443.0 008 180830n it u0 ita u 040 $aSeMil$bita 245 10$aStoria americana. 260 $aBologna :$bIl Mulino,$c[195?] 300 $av. ;$c24 cm. 774 0 $aSchlesinger, Arthur Meier Jr. <1917-2007>$tEtà di Roosevelt.$dBologna : Il Mulino, 1957 (Stampa 1959)$w()17125 996 $6245$aStoria americana$9(OLS)http://semarc/title/22636 996 $6260$aBologna :$bIl Mulino$9(OLS)http://semarc/publisher/29842